FIFA World cup 2018 Tile select quiz - Statistics

General Stats
  • This quiz has been taken 154 times
  • The average score is 52 of 72
Answer Stats
Question Tile Select % Correct
Asian countries in the 2018 world cup India No
98%
Asian countries in the 2018 world cup Taiwan No
96%
Asian countries in the 2018 world cup UAE No
96%
Asian countries in the 2018 world cup Israel No
95%
Asian countries in the 2018 world cup China No
94%
Asian countries in the 2018 world cup Japan Yes
94%
Asian countries in the 2018 world cup South Korea Yes
94%
Asian countries in the 2018 world cup North Korea No
93%
Asian countries in the 2018 world cup Qatar No
93%
Teams who have scored at least 4 goals in one match Switzerland No
93%
Teams who have scored at least 4 goals in one match Colombia No
92%
Asian countries in the 2018 world cup Iraq No
92%
The soccer players who have scored more than 3 goals Harry Kane Yes
89%
Teams who have scored at least 4 goals in one match Poland No
89%
Asian countries in the 2018 world cup Iran Yes
88%
Teams that France versed Panama No
88%
Teams that France versed Brazil No
86%
Award recipients Kasper Schmeichel No
85%
Award recipients Neymar No
85%
Teams that France versed Croatia Yes
84%
Teams who have scored at least 4 goals in one match France Yes
84%
Teams that France versed England No
82%
Group toppers France Yes
81%
The soccer players who have scored more than 3 goals Kylian Mbappe Yes
81%
Teams that France versed Portugal No
81%
Group toppers Mexico No
80%
Award recipients Paul Pogba No
80%
The soccer players who have scored more than 3 goals Neymar No
79%
Asian countries in the 2018 world cup Saudi Arabia Yes
79%
The soccer players who have scored more than 3 goals Cristiano Ronaldo Yes
78%
Teams who have scored at least 4 goals in one match Croatia No
78%
Teams that France versed Switzerland No
78%
Award recipients Cristiano Ronaldo No
76%
Teams who have scored at least 4 goals in one match Spain No
76%
The soccer players who have scored more than 3 goals Eden Hazard No
74%
Teams who have scored at least 4 goals in one match Portugal No
74%
Teams that France versed Argentina Yes
71%
Teams that France versed Belgium Yes
71%
Teams who have scored at least 4 goals in one match Brazil No
71%
Group toppers Brazil Yes
71%
The soccer players who have scored more than 3 goals Edinson Cavani No
71%
The soccer players who have scored more than 3 goals Ivan Perisic No
71%
Award recipients Kylian Mbappe Yes
71%
Teams who have scored at least 4 goals in one match Uruguay No
71%
Group toppers Croatia Yes
70%
The soccer players who have scored more than 3 goals Luka Modric No
70%
Group toppers Belgium Yes
69%
Teams that France versed Denmark Yes
69%
The soccer players who have scored more than 3 goals Antoine Griezmann Yes
68%
Teams who have scored at least 4 goals in one match England Yes
68%
Award recipients Luka Modric Yes
68%
Group toppers Argentina No
67%
Award recipients Lionel Messi No
67%
Group toppers Portugal No
66%
Teams that France versed Australia Yes
64%
Award recipients Harry Kane Yes
64%
Award recipients Thibaut Courtois Yes
64%
The soccer players who have scored more than 3 goals Lionel Messi No
62%
Teams that France versed Peru Yes
62%
Teams who have scored at least 4 goals in one match Belgium Yes
60%
Teams who have scored at least 4 goals in one match Russia Yes
57%
Teams that France versed Uruguay Yes
56%
Group toppers England No
54%
The soccer players who have scored more than 3 goals Romelu Lukaku Yes
54%
Group toppers Spain Yes
51%
Group toppers Uruguay Yes
48%
The soccer players who have scored more than 3 goals Denis Cheryshev Yes
43%
Group toppers Sweden Yes
41%
Group toppers Colombia Yes
33%
Award recipients Antoine Griezmann Yes
27%
Award recipients Eden Hazard Yes
11%
Award recipients Romelu Lukaku Yes
9%
No matching quizzes found
Score Distribution
Percent of People with Each Score
Percentile by Number Answered
Your Score History
You have not taken this quiz